00732nam a22002057a 4500999001900000005001700019010001500036020003000051035001400081037000900095082000600104100001900110245005600129260003700185270011900222300002000341700003100361942002000392952011400412 c183598d18359820211229142740.0 aENG-130748 a978-93-887-54-811c899.00 aEN-114280 bDBAD aN aPatil, Vishwas aPanipat:cVishwas Patil & Translated by Nadeem Khan aChennaibRajhans Prakashanc2019 a1st Floor, A Block, East Wing, Plot No. 40, SP Info City, Dr. MGR Salai, Perungudi, KandanchavadibChennaie600096 a575pc24cm(pbk) aTranslated by Khan, Nadeem 2ddccENhNmPAT 001040708NFICaMbMd2021-12-29eDBAD/PUBg899.00l0oN PATpEN-114280r2021-12-29 00:00:00t1v899.00yEN